[Event "FIDE Open World Blitz 2021"]
[Site "Warsaw"]
[Date "2021.12.30"]
[Round "17.29"]
[White "Adly, Ahmed"]
[Black "Kovalev, Vladislav"]
[Result "1-0"]
[WhiteElo "2602"]
[BlackElo "2634"]
[Annotator "ChessBase"]
[PlyCount "87"]
[EventDate "2021.12.29"]
[EventType "swiss"]
[EventCountry "POL"]
[Tiebreak "Cut1 Buchholz"]
[SourceTitle "playchess.com"]
[Source "ChessBase"]
[SourceQuality "1"]

1. Nf3 Nf6 2. g3 g6 3. Bg2 Bg7 4. d4 O-O 5. O-O d6 6. c4 Nc6 7. Nc3 e5 8. dxe5
Nxe5 9. Nxe5 dxe5 10. Qxd8 Rxd8 11. Bg5 Rd4 12. Nd5 Nxd5 13. cxd5 e4 14. Be3
Rxd5 15. Bxe4 Rd8 16. Rfd1 Re8 17. Bf3 c6 18. Bd4 Be6 19. Bxg7 Kxg7 20. b4 a5
21. a3 axb4 22. axb4 Rxa1 23. Rxa1 Kf6 24. Ra7 Re7 25. h4 Rd7 26. e3 Ke5 27.
Kf1 h5 28. Ke1 Bg4 29. Ra5+ Kd6 30. Bxg4 hxg4 31. Rg5 b5 32. Rxg4 c5 33. Rg5 f5
34. h5 cxb4 35. hxg6 b3 36. Kd2 Ke6+ 37. Kc3 Rg7 38. Kxb3 Kf6 39. f4 Rxg6 40.
Rxg6+ Kxg6 41. Kb4 Kh5 42. Kxb5 Kg4 43. Kc4 Kxg3 44. Kd5 1-0

[Event "FIDE Open World Blitz 2021"]
[Site "Warsaw"]
[Date "2021.12.30"]
[Round "17.29"]
[White "Masternak, Grzegorz"]
[Black "Janik, Igor"]
[Result "0-1"]
[WhiteElo "2188"]
[BlackElo "2508"]
[Annotator "ChessBase"]
[PlyCount "46"]
[EventDate "2021.12.29"]
[EventType "swiss"]
[EventCountry "POL"]
[Tiebreak "Cut1 Buchholz"]
[SourceTitle "playchess.com"]
[Source "ChessBase"]
[SourceQuality "1"]

1. e4 c6 2. d3 d5 3. Nd2 g6 4. g3 Bg7 5. Bg2 Nf6 6. f4 dxe4 7. Nxe4 O-O 8. Ne2
Qb6 9. N2c3 Nxe4 10. dxe4 Rd8 11. Qe2 Na6 12. a3 Be6 13. h4 h5 14. Bf3 Bxc3+
15. bxc3 Qc5 16. Rb1 Rd7 17. Be3 Qxc3+ 18. Kf2 Bc4 19. Qe1 Qxc2+ 20. Kg1 Rad8
21. Rh2 Qa4 22. f5 Bd3 23. Rc1 Bxe4 0-1

[Event "FIDE Open World Blitz 2021"]
[Site "Warsaw"]
[Date "2021.12.30"]
[Round "17.30"]
[White "Gdanski, Jacek"]
[Black "Wieczorek, Oskar"]
[Result "1-0"]
[WhiteElo "2367"]
[BlackElo "2258"]
[Annotator "NA"]
[PlyCount "115"]
[EventDate "2021.12.29"]
[EventType "swiss"]
[EventCountry "POL"]
[Tiebreak "Cut1 Buchholz"]
[SourceTitle "playchess.com"]
[Source "ChessBase"]
[SourceQuality "1"]

1. e4 c5 2. Nc3 Nc6 3. Nf3 g6 4. Bb5 Bg7 5. Bxc6 dxc6 6. h3 e5 7. d3 Qe7 8. O-O
Nf6 9. Be3 Nd7 10. Qd2 h6 11. Nh2 Nf8 12. f4 exf4 13. Rxf4 Ne6 14. Rf2 Nd4 15.
Raf1 Be6 16. Ne2 O-O-O 17. Nxd4 Bxd4 18. Bxd4 Rxd4 19. Rf6 c4 20. R6f3 Rhd8 21.
Qxh6 cxd3 22. cxd3 Rxd3 23. Rxd3 Rxd3 24. Nf3 Qd6 25. b3 Rd1 26. Qe3 c5 27.
Rxd1 Qxd1+ 28. Kh2 Qd6+ 29. e5 Qd5 30. Ng5 Bd7 31. Qf4 Bc6 32. Qg3 b5 33. Nf3
c4 34. bxc4 bxc4 35. Qe1 Qd3 36. Qb4 Kd7 37. Qc5 Bxf3 38. Qxa7+ Ke6 39. gxf3 c3
40. Qb6+ Kxe5 41. Qc5+ Kf4 42. Qc7+ Ke3 43. Qe5+ Kd2 44. Qf4+ Qe3 45. Qd6+ Ke1
46. Qb4 Qd2+ 47. Kg3 c2 48. Qe4+ Kd1 49. Qa4 Qd6+ 50. f4 Qd3+ 51. Kg4 Ke2 52.
Qc6 Qf5+ 53. Kg3 Qd3+ 54. Kg4 Kf2 55. Qc5+ Kf1 56. h4 Qd1+ 57. Kg3 c1=Q 58.
Qf2# 1-0

[Event "FIDE Open World Blitz 2021"]
[Site "Warsaw"]
[Date "2021.12.30"]
[Round "17.31"]
[White "Murzin, Volodar"]
[Black "Salem, A.R. Saleh"]
[Result "1-0"]
[WhiteElo "2519"]
[BlackElo "2690"]
[Annotator "ChessBase"]
[PlyCount "105"]
[EventDate "2021.12.29"]
[EventType "swiss"]
[EventCountry "POL"]
[Tiebreak "Cut1 Buchholz"]
[SourceTitle "playchess.com"]
[Source "ChessBase"]
[SourceQuality "1"]

1. e4 c5 2. Nf3 Nc6 3. Bb5 e6 4. d4 cxd4 5. Nxd4 Nge7 6. Nxc6 Nxc6 7. O-O a6 8.
Be2 Bc5 9. Nd2 O-O 10. c3 d5 11. Nb3 Ba7 12. exd5 exd5 13. Bf3 Be6 14. Re1 Qd6
15. Be3 Bxe3 16. Rxe3 Rad8 17. Nd4 Bc8 18. Qd2 Ne5 19. Be2 Ng6 20. Re1 Nf4 21.
Bf3 Qg6 22. Re5 f6 23. Re7 Qg5 24. Qe3 h6 25. g3 Ng6 26. Rc7 Ne5 27. Qxg5 hxg5
28. Bg2 Rf7 29. Rxc8 Rxc8 30. Bxd5 Rd8 31. Bxf7+ Kxf7 32. Re2 g4 33. Kg2 b5 34.
a3 g6 35. f3 gxf3+ 36. Nxf3 Nc4 37. Nd4 Ne5 38. h3 Rd7 39. g4 Nd3 40. Kg3 g5
41. h4 Nf4 42. Re3 Rd8 43. hxg5 fxg5 44. Re5 Kf6 45. Rf5+ Kg6 46. Nf3 Ne6 47.
Ne5+ Kg7 48. Rf7+ Kg8 49. Rf6 Nf4 50. Rxa6 Re8 51. Nf3 Nd3 52. Rg6+ Kf7 53.
Rxg5 1-0

[Event "FIDE Open World Blitz 2021"]
[Site "Warsaw"]
[Date "2021.12.30"]
[Round "17.31"]
[White "Baum, Jonasz"]
[Black "Lubczynski, Rafal"]
[Result "1-0"]
[WhiteElo "2157"]
[BlackElo "2361"]
[Annotator "NA"]
[PlyCount "61"]
[EventDate "2021.12.29"]
[EventType "swiss"]
[EventCountry "POL"]
[Tiebreak "Cut1 Buchholz"]
[SourceTitle "playchess.com"]
[Source "ChessBase"]
[SourceQuality "1"]

1. d4 b5 2. e4 a6 3. Bd3 Bb7 4. Ne2 d6 5. O-O e5 6. f4 Nd7 7. Nbc3 Ngf6 8. d5
c6 9. fxe5 Nxe5 10. dxc6 Bxc6 11. Bg5 Qb6+ 12. Kh1 Nfg4 13. Qe1 h6 14. Bh4 Be7
15. Bxe7 Kxe7 16. Nf4 Nf6 17. Qg3 g6 18. Rae1 b4 19. Nfd5+ Bxd5 20. Nxd5+ Nxd5
21. exd5 Qd4 22. Bxg6 Qxd5 23. Be4 Qe6 24. Bxa8 Rxa8 25. Qh4+ Kd7 26. Qxb4 Rc8
27. Qa4+ Rc6 28. b4 Qc4 29. Qb3 Qxc2 30. Rxf7+ Nxf7 31. Qxf7+ 1-0

[Event "FIDE Open World Blitz 2021"]
[Site "Warsaw"]
[Date "2021.12.30"]
[Round "17.32"]
[White "Ivic, Velimir"]
[Black "Caruana, Fabiano"]
[Result "1/2-1/2"]
[WhiteElo "2575"]
[BlackElo "2791"]
[Annotator "TA"]
[PlyCount "104"]
[EventDate "2021.12.29"]
[EventType "swiss"]
[EventCountry "POL"]
[Tiebreak "Cut1 Buchholz"]
[SourceTitle "playchess.com"]
[Source "ChessBase"]
[SourceQuality "1"]

1. e4 e5 2. Nf3 Nc6 3. Bb5 a6 4. Ba4 d6 5. O-O Bd7 6. c4 Nf6 7. Nc3 Nd4 8.
Bxd7+ Nxd7 9. Nxd4 exd4 10. Ne2 c5 11. d3 Be7 12. b3 O-O 13. Ng3 Re8 14. f4 b5
15. Qf3 Bf8 16. Bd2 Rb8 17. Rac1 bxc4 18. Rxc4 a5 19. Nf5 g6 20. Ng3 Rb5 21. e5
Qe7 22. Rcc1 dxe5 23. f5 a4 24. Ne4 f6 25. Qg4 g5 26. Bxg5 Kh8 27. Bd2 axb3 28.
axb3 Rxb3 29. Rf3 Bg7 30. Qh5 Rg8 31. Ra1 c4 32. dxc4 Rxf3 33. Qxf3 Bf8 34. Ra7
Qd8 35. Rxd7 Qxd7 36. Nxf6 Qf7 37. Nxg8 Kxg8 38. Qg3+ Qg7 39. Qf3 Qf7 40. Qd3
Bg7 41. c5 Qd5 42. Qb5 e4 43. Qe8+ Bf8 44. Bh6 Qxc5 45. Qe6+ Kh8 46. Qf6+ Kg8
47. Qe6+ Kh8 48. Bxf8 Qc1+ 49. Kf2 Qe3+ 50. Kf1 Qc1+ 51. Kf2 Qe3+ 52. Kf1 Qc1+
1/2-1/2

[Event "FIDE Open World Blitz 2021"]
[Site "Warsaw"]
[Date "2021.12.30"]
[Round "17.32"]
[White "Sadzikowski, Daniel"]
[Black "Yunusov, Mukhammad"]
[Result "1-0"]
[WhiteElo "2415"]
[BlackElo "1874"]
[Annotator "NA"]
[PlyCount "81"]
[EventDate "2021.12.29"]
[EventType "swiss"]
[EventCountry "POL"]
[Tiebreak "Cut1 Buchholz"]
[SourceTitle "playchess.com"]
[Source "ChessBase"]
[SourceQuality "1"]

1. Nf3 Nf6 2. c4 c6 3. Nc3 d5 4. e3 Bg4 5. cxd5 Bxf3 6. Qxf3 cxd5 7. d4 e6 8.
Bd3 Nc6 9. O-O Be7 10. Bd2 O-O 11. Qe2 a6 12. Rac1 Rc8 13. Na4 Nd7 14. Bb1 b5
15. Nc5 Nxc5 16. dxc5 Bf6 17. b4 Qd7 18. Rfd1 Rfd8 19. Be1 Qb7 20. h3 Ne5 21.
Bc3 Nd7 22. e4 Bxc3 23. Rxc3 Nf8 24. Rcd3 a5 25. a3 axb4 26. axb4 Re8 27. exd5
exd5 28. Qf3 Re4 29. Rd4 Rxd4 30. Rxd4 Rd8 31. Ba2 Qa6 32. Rxd5 Rxd5 33. Bxd5
Qa1+ 34. Kh2 Qe5+ 35. g3 Ne6 36. Bxe6 fxe6 37. Qa8+ Kf7 38. Qb7+ Kg6 39. Qxb5
Qd4 40. Qe2 Kf6 41. c6 1-0

[Event "FIDE Open World Blitz 2021"]
[Site "Warsaw"]
[Date "2021.12.30"]
[Round "17.33"]
[White "Corrales Jimenez, Fidel"]
[Black "Niemann, Hans Moke"]
[Result "1-0"]
[WhiteElo "2523"]
[BlackElo "2635"]
[Annotator "ChessBase"]
[PlyCount "73"]
[EventDate "2021.12.29"]
[EventType "swiss"]
[EventCountry "POL"]
[Tiebreak "Cut1 Buchholz"]
[SourceTitle "playchess.com"]
[Source "ChessBase"]
[SourceQuality "1"]

1. e4 e5 2. Nf3 Nc6 3. Bb5 a6 4. Ba4 Nf6 5. O-O Be7 6. Re1 b5 7. Bb3 O-O 8. d3
Bb7 9. Nc3 d6 10. a3 h6 11. Bd2 Na5 12. Ba2 c5 13. b4 Nc6 14. Nd5 Re8 15. Nxf6+
Bxf6 16. Bd5 Qd7 17. bxc5 dxc5 18. c4 b4 19. axb4 Nxb4 20. Ra3 a5 21. Bc3 Bxd5
22. exd5 Qf5 23. Re4 a4 24. h3 h5 25. Rxa4 Rab8 26. Qe2 Ra8 27. Rxa8 Rxa8 28.
Bxe5 Ra2 29. Qe3 Bxe5 30. Nxe5 f6 31. Nf3 Ra3 32. Nh4 Qg5 33. Re8+ Kh7 34. Qe4+
f5 35. Nxf5 Qg6 36. Re7 Kh8 37. Rxg7 1-0

[Event "FIDE Open World Blitz 2021"]
[Site "Warsaw"]
[Date "2021.12.30"]
[Round "17.33"]
[White "Blanco Acevedo, Cristobal Jose"]
[Black "Aditya, Mittal"]
[Result "0-1"]
[WhiteElo "2350"]
[BlackElo "2245"]
[Annotator "NA"]
[PlyCount "128"]
[EventDate "2021.12.29"]
[EventType "swiss"]
[EventCountry "POL"]
[Tiebreak "Cut1 Buchholz"]
[SourceTitle "playchess.com"]
[Source "ChessBase"]
[SourceQuality "1"]

1. e4 c5 2. Nf3 d6 3. d4 cxd4 4. Nxd4 Nf6 5. Nc3 a6 6. h3 e6 7. g4 d5 8. exd5
Nxd5 9. Nde2 Nc6 10. Bg2 Nxc3 11. Qxd8+ Nxd8 12. Nxc3 Bd7 13. O-O Bc6 14. Ne4
Be7 15. Bf4 O-O 16. Bd6 Bxe4 17. Bxe7 Bxg2 18. Kxg2 Re8 19. Ba3 Rc8 20. c3 e5
21. Rad1 Ne6 22. Rd7 b5 23. Rfd1 h5 24. R1d6 hxg4 25. hxg4 Rc4 26. f3 e4 27.
fxe4 Rxe4 28. Kg3 Re3+ 29. Kf2 Ng5 30. Rd8 Re2+ 31. Kf1 Kh7 32. Rxe8 Rxe8 33.
Rd4 Kg6 34. Bd6 f6 35. Bf4 Ne6 36. Re4 Kf7 37. Be3 Rh8 38. Kg2 Rd8 39. a4 Rd1
40. axb5 axb5 41. Rb4 Rd5 42. Kf3 g6 43. Ke4 Re5+ 44. Kf3 f5 45. gxf5 gxf5 46.
Bd4 Rd5 47. Be3 Kf6 48. Bf2 Ng5+ 49. Ke2 Ne4 50. Bh4+ Ke5 51. Be1 f4 52. c4
bxc4 53. Rxc4 Rd8 54. Kf3 Rd3+ 55. Ke2 Re3+ 56. Kf1 f3 57. b4 Rb3 58. Rc8 Rb1
59. Re8+ Kd4 60. Rf8 Ke3 61. Rh8 f2 62. Rh3+ Kd4 63. Kg2 fxe1=Q 64. b5 Qe2# 0-1

[Event "FIDE Open World Blitz 2021"]
[Site "Warsaw"]
[Date "2021.12.30"]
[Round "17.34"]
[White "Gareyev, Timur"]
[Black "Fridman, Daniel"]
[Result "1-0"]
[WhiteElo "2583"]
[BlackElo "2626"]
[Annotator "ChessBase"]
[PlyCount "101"]
[EventDate "2021.12.29"]
[EventType "swiss"]
[EventCountry "POL"]
[Tiebreak "Cut1 Buchholz"]
[SourceTitle "playchess.com"]
[Source "ChessBase"]
[SourceQuality "1"]

1. c4 e6 2. Nf3 d5 3. g3 Nf6 4. Bg2 d4 5. O-O c5 6. e3 Nc6 7. exd4 cxd4 8. d3
Bd6 9. Bg5 h6 10. Bxf6 Qxf6 11. Na3 O-O 12. Nd2 Qe7 13. Nb5 a6 14. Nxd6 Qxd6
15. a3 e5 16. b4 Qc7 17. Rc1 Bf5 18. Ne4 Rad8 19. Re1 Bxe4 20. Bxe4 f5 21. Bd5+
Kh7 22. Qh5 Ne7 23. Bg2 Ng6 24. c5 Rf6 25. a4 Qd7 26. Rb1 Rc8 27. Rec1 Qxa4 28.
Bxb7 Rc7 29. Bg2 Qb5 30. Qd1 Ne7 31. Qe2 e4 32. Qd2 exd3 33. Bf1 Nd5 34. Bxd3
Qd7 35. Rc4 Nc3 36. Re1 Nb5 37. Re5 g6 38. Rc1 Nc3 39. Rce1 Rf7 40. Bc4 Rg7 41.
Re6 a5 42. Rd6 Qa4 43. Qxd4 axb4 44. Ree6 Ne4 45. Rd8 Qc2 46. Ree8 g5 47. Rh8+
Kg6 48. Rd6+ Nxd6 49. Qxd6+ Kh5 50. Qxh6+ Kg4 51. Qh5# 1-0

[Event "FIDE Open World Blitz 2021"]
[Site "Warsaw"]
[Date "2021.12.30"]
[Round "17.34"]
[White "Gluszko, Tomasz"]
[Black "Tologontegin, Semetey"]
[Result "0-1"]
[WhiteElo "2086"]
[BlackElo "2224"]
[Annotator "NA"]
[PlyCount "110"]
[EventDate "2021.12.29"]
[EventType "swiss"]
[EventCountry "POL"]
[Tiebreak "Cut1 Buchholz"]
[SourceTitle "playchess.com"]
[Source "ChessBase"]
[SourceQuality "1"]

1. e4 g6 2. d4 Bg7 3. Nc3 c6 4. f3 d5 5. Be3 dxe4 6. fxe4 Nf6 7. Nf3 O-O 8. Qd2
b5 9. Bd3 Ng4 10. O-O Nxe3 11. Qxe3 Nd7 12. e5 Nb6 13. Ne4 Nd5 14. Qg5 f6 15.
Qh4 Ne3 16. Rfe1 Nf5 17. Qf2 fxe5 18. dxe5 Be6 19. Qc5 Bd5 20. Rad1 Qb6 21.
Qxb6 axb6 22. a3 Rad8 23. Neg5 h6 24. Ne4 e6 25. Bf1 g5 26. Rd3 g4 27. Nd4 Nxd4
28. Rxd4 Bxe5 29. Rd3 Bxb2 30. Rg3 h5 31. h3 Bd4+ 32. Kh1 Bxe4 33. hxg4 h4 34.
Rh3 Bf2 35. Ra1 Bg3 36. Be2 Rd2 37. Bf3 Bxf3 38. gxf3 Rxf3 39. Kg1 Rf4 40. g5
Rg4 41. Kf1 Rxg5 42. a4 b4 43. a5 Rxa5 44. Rb1 Rxc2 45. Rh1 b3 46. Rg1 b2 47.
Rxg3+ hxg3 48. Ke1 Rc1+ 49. Ke2 Rxb1 50. Kf3 Rg5 51. Kg2 Rc1 52. Kh3 Rc4 53.
Kg2 Rf4 54. Kh3 b1=Q 55. Kg2 Qf1# 0-1

[Event "FIDE Open World Blitz 2021"]
[Site "Warsaw"]
[Date "2021.12.30"]
[Round "17.35"]
[White "Vakhidov, Jakhongir"]
[Black "Quparadze, Giga"]
[Result "0-1"]
[WhiteElo "2557"]
[BlackElo "2475"]
[Annotator "ChessBase"]
[PlyCount "226"]
[EventDate "2021.12.29"]
[EventType "swiss"]
[EventCountry "POL"]
[Tiebreak "Cut1 Buchholz"]
[SourceTitle "playchess.com"]
[Source "ChessBase"]
[SourceQuality "1"]

1. c4 Nf6 2. Nc3 e5 3. Nf3 Nc6 4. e4 Bb4 5. d3 O-O 6. a3 Bxc3+ 7. bxc3 d6 8. g3
Ne8 9. Nh4 Ne7 10. Bg2 f5 11. exf5 Nxf5 12. Nxf5 Rxf5 13. O-O Rf8 14. d4 exd4
15. cxd4 Nf6 16. a4 c6 17. Bf4 Be6 18. Qb3 Qd7 19. Rfe1 Bf7 20. Rab1 b6 21. a5
b5 22. d5 cxd5 23. cxb5 d4 24. Qa3 Nd5 25. Qxd6 Qxd6 26. Bxd6 Rfd8 27. Be5 d3
28. Rbd1 Bg6 29. b6 axb6 30. Bxd5+ Rxd5 31. axb6 Rb5 32. Bc7 Ra2 33. g4 h5 34.
h3 hxg4 35. hxg4 Rb4 36. f3 Rbb2 37. Re6 Kh7 38. Kh1 Bf7 39. Re3 d2 40. Kg2 Bb3
41. Rxb3 Rxb3 42. Kf2 Rb1 43. Ke2 Rxd1 44. Kxd1 Rb2 45. f4 Kg6 46. Be5 Rxb6 47.
Kxd2 Rb3 48. Ke2 Kf7 49. Kf2 Rb5 50. Kf3 g6 51. Ke4 Rb4+ 52. Bd4 Ra4 53. Kd5
Ra5+ 54. Ke4 Ra4 55. Kd5 Ra2 56. Ke4 Re2+ 57. Kf3 Rd2 58. Ke3 Rh2 59. Ke4 Rh4
60. Kf3 Ke6 61. Bf2 Rh3+ 62. Ke4 Kf7 63. Bd4 Rg3 64. Bf2 Rg2 65. Kf3 Rh2 66.
Bd4 Ke6 67. Ke4 Re2+ 68. Kf3 Re1 69. Bc3 Rc1 70. Bg7 Rf1+ 71. Ke4 Re1+ 72. Kf3
Rb1 73. Ke4 Rb4+ 74. Kf3 Ra4 75. Ke3 Kd5 76. Kf3 Ra3+ 77. Kg2 Ke4 78. f5 gxf5
79. gxf5 Kxf5 80. Bd4 Ke4 81. Bg1 Rd3 82. Kh1 Kf3 83. Bh2 Rd1+ 84. Bg1 Kg4 85.
Kg2 Rd2+ 86. Kh1 Kh3 87. Be3 Rh2+ 88. Kg1 Re2 89. Bb6 Re1+ 90. Kf2 Rb1 91. Be3
Rb3 92. Kf3 Ra3 93. Kf4 Ra8 94. Kf3 Rf8+ 95. Bf4 Rf5 96. Ke4 Kg4 97. Be5 Rf1
98. Kd5 Kf5 99. Bc7 Rc1 100. Kd6 Kf6 101. Kd7 Kf7 102. Kc8 Rb1 103. Kd7 Rb3
104. Kc6 Ke6 105. Bb6 Rc3+ 106. Kb7 Kd7 107. Ba7 Rc7+ 108. Ka8 Kc6 109. Bb8 Rf7
110. Ba7 Kc7 111. Bb8+ Kb6 112. Bd6 Ra7+ 113. Kb8 Rd7 0-1

[Event "FIDE Open World Blitz 2021"]
[Site "Warsaw"]
[Date "2021.12.30"]
[Round "17.35"]
[White "Laith, Kasib"]
[Black "Elier, Ali"]
[Result "0-1"]
[WhiteElo "2010"]
[BlackElo "2194"]
[Annotator "NA"]
[PlyCount "66"]
[EventDate "2021.12.29"]
[EventType "swiss"]
[EventCountry "POL"]
[Tiebreak "Cut1 Buchholz"]
[SourceTitle "playchess.com"]
[Source "ChessBase"]
[SourceQuality "1"]

1. Nf3 Nf6 2. g3 g6 3. Bg2 Bg7 4. O-O d6 5. d3 O-O 6. e4 e5 7. a4 d5 8. exd5
Nxd5 9. Re1 Nc6 10. c3 Be6 11. Nbd2 h6 12. Ne4 Kh7 13. Nc5 Bc8 14. Qc2 Qd6 15.
Ne4 Qd8 16. a5 a6 17. h3 Bf5 18. Nh4 Bc8 19. b4 f5 20. Nc5 Re8 21. Bd2 Qd6 22.
d4 e4 23. Rad1 b6 24. axb6 cxb6 25. Nb3 Bb7 26. g4 Qf6 27. gxf5 Qxh4 28. fxg6+
Kh8 29. Rxe4 Rxe4 30. Bxe4 Qxh3 31. Bxd5 Nxd4 32. Qe4 Bxd5 33. Qxd5 Ne2# 0-1

[Event "FIDE Open World Blitz 2021"]
[Site "Warsaw"]
[Date "2021.12.30"]
[Round "17.36"]
[White "Saraci, Nderim"]
[Black "Howell, David W L"]
[Result "1-0"]
[WhiteElo "2486"]
[BlackElo "2648"]
[Annotator "ChessBase"]
[PlyCount "119"]
[EventDate "2021.12.29"]
[EventType "swiss"]
[EventCountry "POL"]
[Tiebreak "Cut1 Buchholz"]
[SourceTitle "playchess.com"]
[Source "ChessBase"]
[SourceQuality "1"]

1. Nf3 g6 2. d4 Nf6 3. b3 Bg7 4. Bb2 O-O 5. e3 b6 6. g3 Bb7 7. Bg2 c5 8. O-O
cxd4 9. exd4 d5 10. Re1 Nc6 11. Ne5 Rc8 12. Nd2 e6 13. c4 dxc4 14. bxc4 Rc7 15.
Nb3 Ne7 16. Bxb7 Rxb7 17. Qf3 Rc7 18. Rad1 Qa8 19. Ba3 Qxf3 20. Nxf3 Re8 21.
Bxe7 Rexe7 22. Rc1 Ne8 23. Rc2 Nd6 24. Rec1 Nf5 25. c5 bxc5 26. dxc5 h5 27. h3
Red7 28. Rc4 Rd3 29. Kg2 Ne7 30. Ne1 Rd8 31. Nc2 Nd5 32. Nb4 Nxb4 33. Rxb4 Bf8
34. Rbc4 Kg7 35. c6 Rd5 36. R1c2 Kf6 37. a4 Bd6 38. Nd4 a6 39. Ne2 Ke7 40. Nd4
Be5 41. Nb3 Bd6 42. Nd2 Be5 43. f4 Bg7 44. Nb3 g5 45. fxg5 Rxg5 46. Kf3 Be5 47.
g4 hxg4+ 48. hxg4 Bd6 49. Nd2 Rd5 50. Ne4 Be5 51. g5 Rd3+ 52. Ke2 Rh3 53. Rd2
Bf4 54. Rd3 Rh5 55. Nf6 Rh2+ 56. Kf3 Bxg5 57. Rd7+ Rxd7 58. Nxd7 Rh8 59. Nb6
Kd6 60. Ke4 1-0

[Event "FIDE Open World Blitz 2021"]
[Site "Warsaw"]
[Date "2021.12.30"]
[Round "17.37"]
[White "Predke, Alexandr"]
[Black "Kantor, Gergely"]
[Result "0-1"]
[WhiteElo "2627"]
[BlackElo "2566"]
[Annotator "ChessBase"]
[PlyCount "130"]
[EventDate "2021.12.29"]
[EventType "swiss"]
[EventCountry "POL"]
[Tiebreak "Cut1 Buchholz"]
[SourceTitle "playchess.com"]
[Source "ChessBase"]
[SourceQuality "1"]

1. d4 Nf6 2. c4 e6 3. Nc3 Bb4 4. e3 O-O 5. Bd3 d5 6. cxd5 exd5 7. a3 Bd6 8. Qc2
c6 9. Nge2 Re8 10. Bd2 a5 11. O-O Ng4 12. h3 Nh2 13. Rfe1 Nf3+ 14. gxf3 Qg5+
15. Kh1 Bxh3 16. Ng3 Qh4 17. f4 Re6 18. Kg1 Rh6 19. Bf5 Nd7 20. Bxh3 Qxh3 21.
Qf5 Qh2+ 22. Kf1 Nf6 23. Ke2 Qg2 24. Rg1 Qh3 25. Qxh3 Rxh3 26. Nf5 Bf8 27. Rh1
Rxh1 28. Rxh1 Re8 29. f3 h5 30. Ng3 g6 31. f5 Bd6 32. Rg1 Kh7 33. fxg6+ fxg6
34. Nh1 b5 35. Nf2 a4 36. Nd3 Nd7 37. Nd1 Nb6 38. N1f2 Nc4 39. e4 dxe4 40. fxe4
h4 41. e5 c5 42. Ne4 Be7 43. dxc5 Rd8 44. Nd6 Rf8 45. Bc3 Kh6 46. Nxc4 bxc4 47.
Ne1 Bxc5 48. Rg2 Kh5 49. Nf3 Rf5 50. Bd2 Be7 51. Bc3 g5 52. Nh2 Rf4 53. Nf1 g4
54. Ne3 Bc5 55. Nd5 Re4+ 56. Kd1 h3 57. Rh2 Kh4 58. Be1+ g3 59. Rh1 Rxe1+ 60.
Rxe1 g2 61. Nf4 Kg3 62. Ne2+ Kg4 63. e6 h2 64. e7 Bxe7 65. Nd4 h1=Q 0-1

[Event "FIDE Open World Blitz 2021"]
[Site "Warsaw"]
[Date "2021.12.30"]
[Round "17.38"]
[White "Bluebaum, Matthias"]
[Black "Kadric, Denis"]
[Result "1/2-1/2"]
[WhiteElo "2609"]
[BlackElo "2566"]
[Annotator "ChessBase"]
[PlyCount "96"]
[EventDate "2021.12.29"]
[EventType "swiss"]
[EventCountry "POL"]
[Tiebreak "Cut1 Buchholz"]
[SourceTitle "playchess.com"]
[Source "ChessBase"]
[SourceQuality "1"]

1. d4 d6 2. Nf3 Nf6 3. c4 Nbd7 4. Nc3 e5 5. Bg5 h6 6. Bh4 g5 7. Bg3 Nh5 8. e3
Bg7 9. dxe5 dxe5 10. Nd2 Nxg3 11. hxg3 O-O 12. Qc2 f5 13. g4 fxg4 14. Nde4 Nf6
15. Bd3 Nxe4 16. Nxe4 Qe7 17. O-O-O Bf5 18. Ng3 Bxd3 19. Rxd3 e4 20. Rd2 Rae8
21. Rhd1 Rf7 22. Kb1 Qe6 23. Rd8 Rfe7 24. R8d5 c6 25. Rd6 Qe5 26. R6d4 Qf6 27.
R1d2 Qg6 28. Rd6 Re6 29. Rd7 R8e7 30. c5 Kh7 31. Rxe7 Rxe7 32. Rd6 Re6 33. Rxe6
Qxe6 34. Nxe4 Kh8 35. Ng3 Qd5 36. e4 Qe5 37. Nf5 Qh2 38. Qd1 Qxg2 39. Qe2 Qg1+
40. Kc2 Qa1 41. Kb3 a5 42. Nxg7 Kxg7 43. Qxg4 Qc1 44. Qd7+ Kg6 45. Qf5+ Kg7 46.
Qd7+ Kg6 47. Qf5+ Kg7 48. Qd7+ Kg6 1/2-1/2

[Event "FIDE Open World Blitz 2021"]
[Site "Warsaw"]
[Date "2021.12.30"]
[Round "17.39"]
[White "Harsha, Bharathakoti"]
[Black "Faizrakhmanov, Ramil"]
[Result "1-0"]
[WhiteElo "2576"]
[BlackElo "2396"]
[Annotator "ChessBase"]
[PlyCount "103"]
[EventDate "2021.12.29"]
[EventType "swiss"]
[EventCountry "POL"]
[Tiebreak "Cut1 Buchholz"]
[SourceTitle "playchess.com"]
[Source "ChessBase"]
[SourceQuality "1"]

1. f4 d5 2. Nf3 g6 3. g3 Bg7 4. Bg2 Nf6 5. O-O O-O 6. d3 b6 7. e4 dxe4 8. dxe4
Ba6 9. e5 Nd5 10. Rf2 e6 11. b3 Bb7 12. c4 Nb4 13. Rd2 Qc8 14. a3 N4c6 15. Nc3
a5 16. Bb2 Na6 17. Ne4 Rd8 18. Nf6+ Kh8 19. Ng5 Bxf6 20. exf6 Kg8 21. Rxd8+
Qxd8 22. Qe1 Nc5 23. Rd1 Qf8 24. Qe3 Rd8 25. Rxd8 Qxd8 26. Bf3 Qd3 27. Qxd3
Nxd3 28. Bc3 Nd8 29. Be2 Nc5 30. b4 axb4 31. axb4 Ne4 32. Nxe4 Bxe4 33. Be5 c5
34. b5 Kf8 35. Bc7 Ke8 36. Bxb6 Nb7 37. Bc7 Kd7 38. Be5 Na5 39. Kf2 Bc2 40. Bc3
Nb7 41. Ke3 Nd6 42. Be5 Bb3 43. Bxd6 Kxd6 44. Kd3 e5 45. Bf3 exf4 46. gxf4 Ba2
47. Bd5 Bb1+ 48. Ke3 h6 49. Bxf7 g5 50. Bd5 g4 51. f7 Ke7 52. b6 1-0

[Event "FIDE Open World Blitz 2021"]
[Site "Warsaw"]
[Date "2021.12.30"]
[Round "17.40"]
[White "Sargissian, Gabriel"]
[Black "Donchenko, Alexander"]
[Result "1-0"]
[WhiteElo "2664"]
[BlackElo "2645"]
[Annotator "ChessBase"]
[PlyCount "71"]
[EventDate "2021.12.29"]
[EventType "swiss"]
[EventCountry "POL"]
[Tiebreak "Cut1 Buchholz"]
[SourceTitle "playchess.com"]
[Source "ChessBase"]
[SourceQuality "1"]

1. d4 Nf6 2. c4 e6 3. Nf3 c5 4. d5 d6 5. Nc3 exd5 6. cxd5 g6 7. e4 a6 8. h3 b5
9. Bd3 Bg7 10. O-O O-O 11. a3 Re8 12. Bf4 Qc7 13. Qd2 Nbd7 14. Rfe1 Bb7 15.
Rac1 c4 16. Bc2 Nc5 17. e5 dxe5 18. Bxe5 Qb6 19. Rcd1 Rad8 20. d6 Bxf3 21. gxf3
Ncd7 22. Bh2 Qc6 23. Kg2 Nc5 24. Rxe8+ Rxe8 25. Na2 Qd7 26. Nb4 Nh5 27. Nd5 Be5
28. Ne7+ Rxe7 29. dxe7 Nd3 30. Bxe5 Qxe7 31. Bh2 Qf6 32. Bxd3 cxd3 33. Qxd3
Qg5+ 34. Kh1 Qc5 35. Qd8+ Kg7 36. Qd4+ 1-0

[Event "FIDE Open World Blitz 2021"]
[Site "Warsaw"]
[Date "2021.12.30"]
[Round "17.41"]
[White "Matlakov, Maxim"]
[Black "Rapport, Richard"]
[Result "1-0"]
[WhiteElo "2614"]
[BlackElo "2763"]
[Annotator "ChessBase"]
[PlyCount "167"]
[EventDate "2021.12.29"]
[EventType "swiss"]
[EventCountry "POL"]
[Tiebreak "Cut1 Buchholz"]
[SourceTitle "playchess.com"]
[Source "ChessBase"]
[SourceQuality "1"]

1. d4 Nf6 2. Nf3 c5 3. e3 g6 4. Be2 Bg7 5. O-O b6 6. d5 O-O 7. Nc3 d6 8. e4 Bg4
9. h3 Bxf3 10. Bxf3 Na6 11. a4 Nc7 12. Re1 Nd7 13. Bg5 a6 14. Be2 Re8 15. Bf1
Rb8 16. Qd2 b5 17. axb5 axb5 18. Reb1 b4 19. Nd1 Nf6 20. Qd3 e6 21. Ne3 exd5
22. exd5 h6 23. Bh4 Qc8 24. Nc4 Nb5 25. Re1 Rxe1 26. Rxe1 Qd7 27. Ra1 Nd4 28.
Ra6 Ne8 29. Bg3 Nf5 30. Bf4 Qb5 31. Ra7 Rb7 32. Ra8 Rb8 33. Ra7 Rb7 34. Ra5 Qd7
35. Ra6 Kh7 36. g4 Nd4 37. Nxd6 Nxd6 38. Rxd6 Qe7 39. Ra6 c4 40. Qxc4 Qe4 41.
Be3 Nf3+ 42. Kh1 Qe5 43. Qf4 Qxd5 44. Rd6 g5 45. Rxd5 gxf4 46. Bxf4 Bxb2 47.
Bg2 Nh4 48. Be4+ Kg7 49. Bg3 Ng6 50. h4 Re7 51. Bd3 Ne5 52. Be2 Ng6 53. Bd1 Be5
54. Kg2 Bxg3 55. Kxg3 Rc7 56. h5 Rc3+ 57. f3 Ne7 58. Rd4 Nc6 59. Re4 Rc5 60. f4
Rc3+ 61. Kf2 Rc5 62. Ke1 Rc3 63. Kd2 Rc5 64. Be2 Rd5+ 65. Bd3 Nd4 66. Ke3 Nc6
67. Rc4 Rd6 68. Be4 Nd8 69. Rxb4 Ne6 70. Rc4 Ra6 71. Bf5 Nd8 72. Rc7 Nc6 73.
Bd3 Rb6 74. Be4 Nd8 75. Bd5 Kf8 76. c4 Ke8 77. Ke4 Rb1 78. c5 Rg1 79. Kf5 Rd1
80. Bb3 Rd4 81. Ke5 Rb4 82. Bd5 Kf8 83. c6 Kg7 84. Rd7 1-0